Đang tải...
Samsar ki adim jatiyam, uttari Bharat /
| Tác giả chính: | |
|---|---|
| Ngôn ngữ: | Undetermined |
| LEADER | 00381nam a2200109Ia 4500 | ||
|---|---|---|---|
| 001 | 116338 | ||
| 008 | 170722s9999 xx 000 0 und d | ||
| 100 | |a Nikunj, Lalit | ||
| 245 | |a Samsar ki adim jatiyam, uttari Bharat / | ||
| 942 | |c GEN | ||
| 999 | |c 45654 |d 45654 | ||
| 952 | |0 0 |1 0 |4 0 |6 Y_71_25_000000000000000_152J2 |7 0 |8 LC1 |9 63503 |a LIB |b LIB |d 2017-08-12 |h LC1 |o Y7:1.25 152J2 |p 50925 |r 2017-08-12 |w 2017-08-12 |y GEN | ||